[Event "Prva liga Centralne Srbije"]
[Site "Ljig"]
[Date "2006.10.07"]
[Round "5.1"]
[White "Cabarkapa, Miomir"]
[Black "Pavlovic, Goran"]
[Result "0-1"]
[WhiteElo "2214"]
[BlackElo "2363"]
[PlyCount "78"]
[EventDate "2006.09.09"]

1. d4 Nf6 2. Nf3 g6 3. g3 Bg7 4. Bg2 O-O 5. O-O d6 6. c4 Nbd7 7. Nc3 e5 8. b3
c6 9. dxe5 dxe5 10. Bb2 Qc7 11. Qc2 Re8 12. Rad1 Nc5 13. e4 Nfd7 14. Bc1 Ne6
15. Be3 Bf8 16. Bh3 Nf6 17. Kg2 Nf4+ 18. Bxf4 Bxh3+ 19. Kxh3 exf4 20. e5 Nd7
21. Ne4 fxg3 22. hxg3 Bg7 23. Nd6 Re7 24. Nxf7 Rxf7 25. Ng5 Re7 26. f4 Rae8 27.
Rd2 Nc5 28. Rh1 Ne6 29. Ne4 Rf8 30. Kg2 Nxf4+ 31. gxf4 Rxf4 32. Nf6+ Bxf6 33.
exf6 Rxf6 34. Re2 Rxe2+ 35. Qxe2 Qf4 36. Rh3 Kg7 37. Re3 h5 38. Rg3 Kh6 39. Rh3
Rf5 0-1

[Event "Prva liga Centralne Srbije"]
[Site "Ljig"]
[Date "2006.10.07"]
[Round "5.1"]
[White "Aleksic, Nenad"]
[Black "Jovcic, Zoran"]
[Result "1/2-1/2"]
[WhiteElo "2392"]
[BlackElo "2172"]
[PlyCount "67"]
[EventDate "2006.09.09"]

1. e4 e6 2. Nf3 d5 3. Nc3 d4 4. Ne2 c5 5. c3 dxc3 6. bxc3 Nf6 7. Ng3 Nc6 8. d4
cxd4 9. cxd4 Bb4+ 10. Bd2 Qa5 11. Rb1 Bxd2+ 12. Qxd2 O-O 13. Bb5 Rd8 14. Bxc6
Qxd2+ 15. Kxd2 bxc6 16. Rhc1 e5 17. Rxc6 exd4 18. h3 Be6 19. a3 Nxe4+ 20. Nxe4
Bd5 21. Nf6+ gxf6 22. Rxf6 Rab8 23. Rxb8 Rxb8 24. Nxd4 Bxg2 25. h4 Rb6 26. Rxb6
axb6 27. Nf5 Be4 28. Nd6 Bg2 29. Nc8 b5 30. Nd6 Bf1 31. Ke1 Bd3 32. Kd2 Bf1 33.
Ke1 Bd3 34. Kd2 1/2-1/2

[Event "Prva liga Centralne Srbije"]
[Site "Ljig"]
[Date "2006.10.07"]
[Round "5.1"]
[White "Lazic, Dragoljub"]
[Black "Gajic, Branko"]
[Result "1-0"]
[WhiteElo "2325"]
[BlackElo "2171"]
[PlyCount "131"]
[EventDate "2006.09.09"]

1. e4 c6 2. d4 d5 3. Nd2 dxe4 4. Nxe4 Nf6 5. Nxf6+ exf6 6. Bc4 Bd6 7. Qe2+ Be7
8. Nf3 O-O 9. Be3 Re8 10. h3 Nd7 11. O-O Nf8 12. Rfe1 Be6 13. Bb3 Bd6 14. Qd2
Ng6 15. Rad1 Qd7 16. Bxe6 fxe6 17. c4 Qc7 18. Qc3 Qf7 19. Re2 Bf4 20. Bxf4 Nxf4
21. Re4 Ng6 22. Rde1 Rad8 23. g3 Rd7 24. Kg2 Nf8 25. a4 Red8 26. R4e3 Qe7 27.
b4 Qd6 28. h4 h5 29. a5 b5 30. axb6 axb6 31. Ra1 Rb7 32. Ra6 b5 33. c5 Qd5 34.
Qb3 Qd7 35. Qa2 Rc8 36. Rea3 Kf7 37. Rb6 Rcc7 38. Raa6 Ng6 39. Ra8 Ne7 40. Rxb7
Rxb7 41. Qa6 Nd5 42. Rd8 Qxd8 43. Qxb7+ Ne7 44. Qb6 Qd5 45. Qb8 Qe4 46. Qh8 Qd5
47. Qb8 Qe4 48. Qh8 Qd5 49. Qb8 Nf5 50. Qc7+ Kg6 51. Qf4 Kh7 52. Kg1 Ne7 53.
Qe3 Nf5 54. Qf4 Qb3 55. Qe4 Qd5 56. Qxd5 exd5 57. Kf1 Kg6 58. Ke2 Kf7 59. Kd3
Ke6 60. Ng1 Ne7 61. Nh3 Ng6 62. f3 Kf5 63. Ke3 Nf8 64. Nf4 g6 65. Ne2 Ne6 66.
g4+ 1-0

[Event "Prva liga Centralne Srbije"]
[Site "Ljig"]
[Date "2006.10.07"]
[Round "5.1"]
[White "Dragasevic, Dragan"]
[Black "Jovanovic, D  Dusan"]
[Result "0-1"]
[WhiteElo "2149"]
[BlackElo "2240"]
[PlyCount "110"]
[EventDate "2006.09.09"]

1. d4 Nf6 2. Nf3 e6 3. Bg5 h6 4. Bh4 c5 5. e3 b6 6. Nbd2 Bb7 7. Be2 Be7 8. O-O
d6 9. c3 Nbd7 10. Re1 O-O 11. Bd3 Qc7 12. e4 e5 13. d5 a6 14. b3 Qd8 15. Bxf6
Nxf6 16. Nf1 g6 17. Ne3 Bc8 18. Qd2 Kh7 19. g3 Nh5 20. Qc2 Ra7 21. Rab1 b5 22.
c4 b4 23. a3 a5 24. Ra1 Qb6 25. Ra2 Bd7 26. Rea1 Rfa8 27. axb4 axb4 28. Rxa7
Rxa7 29. Qb1 Qb8 30. Rxa7 Qxa7 31. Kg2 Ng7 32. h4 Kh8 33. Nh2 h5 34. Nf3 Qa8
35. Bc2 Ne8 36. Bd3 Bf8 37. Kh2 Bh6 38. Bf1 Bxe3 39. fxe3 Nf6 40. Bh3 Bxh3 41.
Kxh3 Qc8+ 42. Kg2 Qg4 43. Ng1 Qxe4+ 44. Qxe4 Nxe4 45. Nf3 Kg7 46. Kh3 f6 47.
Kg2 g5 48. hxg5 fxg5 49. g4 hxg4 50. Ne1 Kf6 51. Nd3 Kf5 52. Kh2 Nd2 53. Kg3
Nxb3 54. Nf2 Nd2 55. Nxg4 b3 0-1

[Event "Prva liga Centralne Srbije"]
[Site "Ljig"]
[Date "2006.10.07"]
[Round "5.1"]
[White "Milosevic, Slavisa"]
[Black "Jocovic, Slobodan"]
[Result "1-0"]
[WhiteElo "2294"]
[BlackElo "2252"]
[PlyCount "55"]
[EventDate "2006.09.09"]

1. e4 e6 2. d4 d5 3. exd5 exd5 4. Qf3 Nc6 5. c3 Nf6 6. h3 Qe7+ 7. Be3 g6 8. Bd3
Bh6 9. Ne2 Bxe3 10. fxe3 O-O 11. O-O Kg7 12. Nf4 Be6 13. Nd2 Rad8 14. Rae1 a6
15. e4 dxe4 16. Nxe4 Nxe4 17. Bxe4 Qd6 18. Bxc6 bxc6 19. Nh5+ Kg8 20. Qf6 gxh5
21. Re5 h6 22. Qxh6 Bf5 23. Qxd6 cxd6 24. Rexf5 Kg7 25. Rxh5 Rde8 26. Rg5+ Kh6
27. Ra5 Ra8 28. Rf6+ 1-0

[Event "Prva liga Centralne Srbije"]
[Site "Uzice"]
[Date "2006.10.07"]
[Round "5.2"]
[White "Misailovic, Nebojsa"]
[Black "Muratovic, Alija"]
[Result "0-1"]
[WhiteElo "2348"]
[BlackElo "2445"]
[PlyCount "76"]
[EventDate "2006.09.09"]

1. e4 e5 2. Nf3 Nc6 3. Bb5 g6 4. O-O Bg7 5. c3 d6 6. d4 Bd7 7. b4 exd4 8. cxd4
Nge7 9. Bb2 Nxb4 10. Bxd7+ Qxd7 11. Qb3 a5 12. a3 Na6 13. Qxb7 O-O 14. Qb3 c5
15. Nbd2 Rfb8 16. Qc2 Nc6 17. Rac1 Nxd4 18. Bxd4 cxd4 19. Nb3 Qa4 20. Nbxd4
Qxa3 21. Nc6 Re8 22. Qc4 h6 23. Qd5 Nc7 24. Qc4 Ne6 25. h4 a4 26. e5 dxe5 27.
h5 Nf4 28. hxg6 Nxg6 29. Rfd1 Qb3 30. Qe4 a3 31. Rd6 a2 32. Rxg6 fxg6 33. Ne7+
Rxe7 34. Qxa8+ Kh7 35. Kh2 e4 36. Nd2 Qb2 37. Rc8 a1=Q 38. Qd5 Qe5+ 0-1

[Event "Prva liga Centralne Srbije"]
[Site "Uzice"]
[Date "2006.10.07"]
[Round "5.2"]
[White "Djakovac, Enes"]
[Black "Radovanovic, Dusan"]
[Result "1-0"]
[WhiteElo "2219"]
[BlackElo "2380"]
[PlyCount "63"]
[EventDate "2006.09.09"]

1. e4 c5 2. Nf3 Nc6 3. d4 cxd4 4. Nxd4 Nf6 5. Nc3 e5 6. Ndb5 d6 7. Bg5 a6 8.
Na3 b5 9. Nd5 Be7 10. Nxe7 Qxe7 11. c4 Nd4 12. Nc2 Nxc2+ 13. Qxc2 O-O 14. cxb5
h6 15. Bxf6 Qxf6 16. bxa6 Qg6 17. Qc6 Be6 18. f3 Rac8 19. Qxd6 Rc2 20. Qxe5 Bc4
21. Qc5 Bd3 22. Qe3 Bxf1 23. Rxf1 Qxg2 24. b4 Rfc8 25. a7 R8c3 26. a8=Q+ Kh7
27. Qaa7 Qxh2 28. Qad4 Qg3+ 29. Qf2 Qc7 30. Rd1 Rc4 31. Rg1 f6 32. Qd7 1-0

[Event "Prva liga Centralne Srbije"]
[Site "Uzice"]
[Date "2006.10.07"]
[Round "5.2"]
[White "Ikic, Alija"]
[Black "Civric, Zdravko"]
[Result "1/2-1/2"]
[WhiteElo "2142"]
[BlackElo "2205"]
[PlyCount "120"]
[EventDate "2006.09.09"]

1. d4 Nf6 2. c4 e6 3. Nf3 b6 4. g3 Ba6 5. Qa4 Be7 6. Bg2 Bb7 7. O-O O-O 8. Nc3
d5 9. Ne5 c6 10. Rd1 Nfd7 11. Nf3 Ba6 12. cxd5 exd5 13. Bf4 Re8 14. Qc2 Nf6 15.
Ne5 Bb7 16. a3 Nbd7 17. b4 a6 18. Nd3 Nf8 19. h3 Ne6 20. Be3 Rc8 21. Qb3 Nd7
22. Ne1 Bd6 23. a4 Nef8 24. Bd2 Ne6 25. Nf3 Nf6 26. e3 Qe7 27. Rab1 Rc7 28. Nh4
Ng5 29. Nf5 Qe6 30. Nxd6 Qxd6 31. e4 Nfxe4 32. Nxe4 Nxe4 33. Bf4 Qd7 34. Bxc7
Qxc7 35. Rbc1 Qd7 36. Re1 h6 37. Re3 Rd8 38. Rce1 Ng5 39. h4 Ne4 40. Bxe4 dxe4
41. Rxe4 Bc8 42. Re7 Qf5 43. Qb1 Qxb1 44. Rxb1 Bf5 45. Rd1 Bc2 46. Rd2 Bxa4 47.
Rb7 Re8 48. Rxb6 Re1+ 49. Kg2 Bb5 50. f3 Rb1 51. d5 cxd5 52. Rxd5 Rxb4 53. Kf2
Rb2+ 54. Ke3 Re2+ 55. Kf4 g6 56. Re5 Rc2 57. g4 Ra2 58. Kg3 Kg7 59. Re7 g5 60.
hxg5 hxg5 1/2-1/2

[Event "Prva liga Centralne Srbije"]
[Site "Uzice"]
[Date "2006.10.07"]
[Round "5.2"]
[White "Marinkovic, Zoran"]
[Black "Ristovic, Mileta"]
[Result "1-0"]
[WhiteElo "2286"]
[BlackElo "2132"]
[PlyCount "77"]
[EventDate "2006.09.09"]

1. Nf3 Nf6 2. g3 b6 3. Bg2 Bb7 4. c4 e6 5. O-O Be7 6. Nc3 Ne4 7. Nxe4 Bxe4 8.
d3 Bb7 9. Bd2 d6 10. Re1 Nd7 11. e4 O-O 12. d4 e5 13. Bc3 Bf6 14. Qd2 Qe7 15.
Rad1 Rad8 16. Qc2 a5 17. a3 Qe6 18. d5 Qe7 19. b4 axb4 20. axb4 Ra8 21. Ra1
Rfb8 22. Bd2 Qd8 23. Bh3 Be7 24. Be3 Nf6 25. c5 bxc5 26. bxc5 Bc8 27. Bf1 Bg4
28. Nd2 Bh5 29. f3 Bg6 30. Bd3 Rb4 31. c6 Rxa1 32. Rxa1 Qb8 33. Ba7 Qa8 34. Kg2
h5 35. Qc3 Rxe4 36. Nxe4 Nxe4 37. Qb2 f5 38. Bb8 Qxa1 39. Qxa1 1-0

[Event "Prva liga Centralne Srbije"]
[Site "Gornji Milanovac"]
[Date "2006.10.07"]
[Round "5.3"]
[White "Sredojevic, Ivan"]
[Black "Savicevic, Vlatko"]
[Result "1/2-1/2"]
[WhiteElo "2349"]
[BlackElo "2331"]
[PlyCount "61"]
[EventDate "2006.09.09"]

1. e4 c5 2. Nf3 e6 3. d4 cxd4 4. Nxd4 Nf6 5. Nc3 Nc6 6. Ndb5 Bb4 7. a3 Bxc3+ 8.
Nxc3 d5 9. exd5 exd5 10. Bd3 O-O 11. O-O d4 12. Ne4 Bf5 13. Bg5 Bxe4 14. Bxe4
h6 15. Bxf6 Qxf6 16. Re1 Rac8 17. Qd2 Rfd8 18. Rad1 Rc7 19. Bd3 b6 20. Re4 Ne5
21. Bf1 Rcd7 22. Rde1 Rd5 23. h3 b5 24. b3 Kh7 25. f4 Nc6 26. Bd3 g6 27. Qe2 a6
28. g3 Kg7 29. Qf2 Qd6 30. Ra1 Rd7 31. Qe2 1/2-1/2

[Event "Prva liga Centralne Srbije"]
[Site "Gornji Milanovac"]
[Date "2006.10.07"]
[Round "5.3"]
[White "Simic, Dragisa"]
[Black "Rabrenovic, Vladan"]
[Result "1/2-1/2"]
[WhiteElo "2332"]
[BlackElo "2320"]
[PlyCount "110"]
[EventDate "2006.09.09"]

1. e4 d6 2. d4 Nf6 3. Nc3 e5 4. Nf3 Nbd7 5. Bc4 Be7 6. O-O O-O 7. a4 a5 8. Ba2
c6 9. Re1 exd4 10. Nxd4 Nc5 11. h3 Qb6 12. Nb3 Nxb3 13. Bxb3 Be6 14. Nd5 Bxd5
15. exd5 Rfe8 16. dxc6 bxc6 17. Be3 Qc7 18. Qf3 Rab8 19. Re2 c5 20. Bc4 Bf8 21.
b3 Qb7 22. Qxb7 Rxb7 23. Rae1 d5 24. Bb5 Re6 25. Bd2 Rxe2 26. Rxe2 Ra7 27. Be1
Bd6 28. g4 h6 29. Kg2 g5 30. f3 Kg7 31. h4 d4 32. hxg5 hxg5 33. Bd2 Nd5 34.
Bxg5 Bf4 35. Bh4 Be3 36. Kf1 Nc3 37. Rh2 Nxb5 38. axb5 Rb7 39. Ke2 Rxb5 40. Be7
Rb7 41. Bd6 a4 42. Bxc5 axb3 43. cxb3 Rxb3 44. Rh5 Rb2+ 45. Kd3 Rf2 46. Rf5
Rd2+ 47. Ke4 Rd1 48. Rd5 Rf1 49. Bd6 f6 50. Bc5 Kg6 51. Bxd4 Bxd4 52. Rxd4 Re1+
53. Kf4 Ra1 54. Rd6 Ra4+ 55. Kg3 Ra3 1/2-1/2

[Event "Prva liga Centralne Srbije"]
[Site "Gornji Milanovac"]
[Date "2006.10.07"]
[Round "5.3"]
[White "Colovic, Dusan"]
[Black "Pavlovic, Nebojsa"]
[Result "1-0"]
[WhiteElo "2357"]
[BlackElo "2336"]
[PlyCount "117"]
[EventDate "2006.09.09"]

1. d4 Nf6 2. Nc3 g6 3. Bf4 Bg7 4. e4 d6 5. Qd2 O-O 6. O-O-O c6 7. Bh6 b5 8. f3
Nbd7 9. h4 e5 10. dxe5 dxe5 11. g4 Qe7 12. Bxg7 Kxg7 13. h5 Nc5 14. Qd6 Qxd6
15. h6+ Kg8 16. Rxd6 b4 17. Rxc6 bxc3 18. Rxc5 cxb2+ 19. Kxb2 Rb8+ 20. Kc1 Be6
21. Bc4 Nd7 22. Rc7 Bxc4 23. Rxc4 Nb6 24. Rc7 Rfc8 25. Rxc8+ Rxc8 26. Ne2 Kf8
27. Rd1 Ke7 28. Rd3 Kf6 29. Ra3 Rc7 30. Nc3 Kg5 31. Nb5 Rd7 32. Rxa7 Rxa7 33.
Nxa7 Kf4 34. Nc6 f6 35. Ne7 Kxf3 36. Nxg6 Kxg4 37. Nf8 Kg5 38. Nxh7+ Kxh6 39.
Nxf6 Kg5 40. Nd5 Nc4 41. Kd1 Nd6 42. Nc3 Kf6 43. Ke2 Ke6 44. Kd3 Kd7 45. Nd5
Kc6 46. Nf6 Nb7 47. Kc4 Nc5 48. a3 Na4 49. Kb4 Nc5 50. a4 Ne6 51. Kc4 Nc5 52.
a5 Nb7 53. Kb4 Nc5 54. Ng4 Nxe4 55. Nxe5+ Kd5 56. a6 Nc5 57. a7 Na6+ 58. Ka5
Nc7 59. Kb6 1-0

[Event "Prva liga Centralne Srbije"]
[Site "Gornji Milanovac"]
[Date "2006.10.07"]
[Round "5.3"]
[White "Adzic, Momcilo"]
[Black "Mirkovic, Stevan"]
[Result "1/2-1/2"]
[WhiteElo "2238"]
[BlackElo "2214"]
[PlyCount "123"]
[EventDate "2006.09.09"]

1. e4 c6 2. d4 d5 3. Nc3 dxe4 4. Nxe4 Nd7 5. Nf3 Ngf6 6. Nxf6+ Nxf6 7. Bd3 Bg4
8. c3 e6 9. h3 Bxf3 10. Qxf3 Qd5 11. Be2 Qxf3 12. Bxf3 Bd6 13. O-O O-O 14. Re1
Rfe8 15. Bg5 Nd7 16. Rad1 h6 17. Bc1 Rad8 18. Kf1 e5 19. dxe5 Nxe5 20. Be2 Ng6
21. g3 Bc7 22. h4 Rxd1 23. Rxd1 Rd8 24. Rxd8+ Bxd8 25. Be3 Bb6 26. Bxb6 axb6
27. Bg4 Ne7 28. Ke2 f5 29. Bh3 Kf7 30. Ke3 g5 31. hxg5 hxg5 32. Kd4 Ke6 33. Bf1
Nc8 34. Be2 c5+ 35. Ke3 Nd6 36. Bd3 Ke5 37. Kf3 b5 38. Ke3 f4+ 39. Kf3 b4 40.
gxf4+ gxf4 41. cxb4 cxb4 42. Ke2 Kd4 43. Kd2 Nf7 44. Bf5 Ne5 45. Kc2 Kc4 46.
Kd2 Nf3+ 47. Kc1 Kd4 48. Kd1 Ne5 49. Kc2 Nf7 50. Kd2 Nd6 51. Bd3 b6 52. Bg6 Nb7
53. Kc2 Nc5 54. Kd2 Ke5 55. Bc2 Kd4 56. Ke2 Ke5 57. Kd2 Kd4 58. Ke2 Ne6 59. Kd2
Ng5 60. Ke2 Ne6 61. Kd2 Ng5 62. Ke2 1/2-1/2

[Event "Prva liga Centralne Srbije"]
[Site "Gornji Milanovac"]
[Date "2006.10.07"]
[Round "5.3"]
[White "Radivojevic, Miladin"]
[Black "Semenov, Aleksandar"]
[Result "1/2-1/2"]
[WhiteElo "2180"]
[BlackElo "2264"]
[PlyCount "107"]
[EventDate "2006.09.09"]

1. e4 e5 2. Nf3 Nc6 3. Bb5 a6 4. Ba4 Nf6 5. O-O Be7 6. Re1 b5 7. Bb3 d6 8. a4
Bg4 9. c3 O-O 10. d3 Na5 11. Bc2 c5 12. Nbd2 Qc7 13. Nf1 h6 14. Ne3 Bd7 15. d4
cxd4 16. cxd4 Nc4 17. axb5 Nxe3 18. Bxe3 axb5 19. Qd3 Ng4 20. Bd2 Rxa1 21. Rxa1
Rc8 22. Bb3 exd4 23. Nxd4 d5 24. g3 Ne5 25. Qe2 Qb6 26. Nf5 Bxf5 27. exf5 Bf6
28. Bxd5 Qd4 29. Be4 Qxb2 30. Rb1 Qa2 31. Qe1 Re8 32. Be3 Qc4 33. Rb4 Qa2 34.
Qb1 Qe2 35. Rxb5 Kh7 36. Qf1 Qh5 37. h3 Rd8 38. Rb1 Nf3+ 39. Kg2 Nd2 40. Bxd2
Rxd2 41. g4 Qh4 42. Re1 Qg5 43. Re2 Qf4 44. Qc1 Bg5 45. Qc4 Rxe2 46. Qxe2 Bh4
47. Bd5 Qc7 48. Qa2 Kg8 49. Qa8+ Qd8 50. Qc6 Qe7 51. Be4 Qa7 52. Qc8+ Kh7 53.
Qc2 Qd4 54. Qe2 1/2-1/2

[Event "Prva liga Centralne Srbije"]
[Site "Gornji Milanovac"]
[Date "2006.10.07"]
[Round "5.3"]
[White "Draskovic, Dragan"]
[Black "Al Atarji, Sami"]
[Result "0-1"]
[WhiteElo "2143"]
[BlackElo "2123"]
[PlyCount "72"]
[EventDate "2006.09.09"]

1. d4 Nf6 2. c4 g6 3. Nc3 Bg7 4. e4 d6 5. f3 O-O 6. Be3 Nc6 7. Qd2 a6 8. Nge2
Rb8 9. d5 Na5 10. Nc1 c5 11. Be2 Bd7 12. Nb3 b5 13. Nxa5 Qxa5 14. cxb5 axb5 15.
O-O b4 16. Nd1 Bb5 17. Nf2 Bxe2 18. Qxe2 Nd7 19. f4 Qb5 20. Qc2 Ra8 21. e5 Nb6
22. Rfd1 Qc4 23. Qb1 Nxd5 24. b3 Qe2 25. Re1 Qb5 26. Bd2 c4 27. bxc4 Qxc4 28.
Re4 Qa6 29. Qb3 e6 30. Bxb4 Rfb8 31. Nd3 dxe5 32. fxe5 Bf8 33. a3 Qb6+ 34. Kh1
Nxb4 35. Nxb4 Bxb4 36. Rb1 Bc5 0-1

[Event "Prva liga Centralne Srbije"]
[Site "Nis"]
[Date "2006.10.07"]
[Round "5.4"]
[White "Tosic, Miroslav"]
[Black "Nikolic, Zivoslav"]
[Result "1/2-1/2"]
[WhiteElo "2442"]
[BlackElo "2426"]
[PlyCount "23"]
[EventDate "2006.09.09"]

1. e4 e6 2. d4 d5 3. Nd2 Nf6 4. e5 Nfd7 5. Bd3 c5 6. c3 b6 7. Ne2 Ba6 8. Nf3
Bxd3 9. Qxd3 Be7 10. O-O Nc6 11. Bf4 c4 12. Qc2 1/2-1/2

[Event "Prva liga Centralne Srbije"]
[Site "Nis"]
[Date "2006.10.07"]
[Round "5.4"]
[White "Pap, Misa"]
[Black "Maksimovic, Branimir"]
[Result "0-1"]
[WhiteElo "2409"]
[BlackElo "2385"]
[PlyCount "52"]
[EventDate "2006.09.09"]

1. e4 e6 2. d4 d5 3. exd5 exd5 4. c4 Nf6 5. Nc3 Bb4 6. Bd3 dxc4 7. Bxc4 O-O 8.
Nge2 Be6 9. Bxe6 fxe6 10. O-O Nc6 11. Qb3 Nd5 12. a3 Bxc3 13. bxc3 Na5 14. Qa4
Nc6 15. Qc2 Qh4 16. Rb1 Nb6 17. Rb5 e5 18. Qb3+ Kh8 19. d5 Ne7 20. Rb4 Qf6 21.
c4 Nd7 22. Qh3 Nc5 23. Be3 b6 24. Bxc5 bxc5 25. Rb7 Rab8 26. Rxc7 Qxf2+ 0-1

[Event "Prva liga Centralne Srbije"]
[Site "Nis"]
[Date "2006.10.07"]
[Round "5.4"]
[White "Miljkovic, Miroslav"]
[Black "Jovanovic, Bojan"]
[Result "0-1"]
[WhiteElo "2399"]
[BlackElo "2296"]
[PlyCount "104"]
[EventDate "2006.09.09"]

1. e4 c5 2. Nf3 Nc6 3. Bb5 g6 4. O-O Bg7 5. c3 e5 6. d3 Nge7 7. Be3 d6 8. d4
cxd4 9. cxd4 O-O 10. h3 a6 11. Bxc6 Nxc6 12. Nc3 exd4 13. Nxd4 Ne5 14. Qe2 Be6
15. Rfd1 Bc4 16. Qc2 Rc8 17. f4 Nc6 18. Qf2 Re8 19. Rd2 Qe7 20. b3 Bb5 21. Re1
Nxd4 22. Bxd4 Rxc3 23. Bxg7 Kxg7 24. Qd4+ Qf6 25. e5 dxe5 26. Qxc3 exf4 27.
Qxf6+ Kxf6 28. Rd6+ Re6 29. Red1 Bc6 30. Kf2 g5 31. R6d4 Kf5 32. Rc1 h5 33. h4
f6 34. hxg5 fxg5 35. Rc5+ Kg4 36. Rd8 Kh4 37. Rd4 Re3 38. Rc2 Rg3 39. Kg1 Kg4
40. Rdc4 h4 41. R4c3 h3 42. Rxg3+ Kxg3 43. Rc3+ f3 44. gxh3 Kxh3 45. Rc5 g4 46.
Rh5+ Kg3 47. Rf5 Kh4 48. a4 g3 49. Rf7 Kg4 50. Rg7+ Kf4 51. Rf7+ Ke3 52. Re7+
Be4 0-1

[Event "Prva liga Centralne Srbije"]
[Site "Nis"]
[Date "2006.10.07"]
[Round "5.4"]
[White "Skakic, Zeljko"]
[Black "Perunovic, Miodrag"]
[Result "1-0"]
[WhiteElo "2198"]
[BlackElo "2376"]
[PlyCount "105"]
[EventDate "2006.09.09"]

1. d4 e6 2. c4 Nf6 3. Nc3 Bb4 4. Qc2 O-O 5. a3 Bxc3+ 6. Qxc3 b6 7. Bg5 Ba6 8.
Nf3 d6 9. g3 Nbd7 10. Bg2 Bb7 11. O-O Rc8 12. h3 Qe7 13. Ne1 Bxg2 14. Nxg2 c5
15. Rad1 h6 16. Bxf6 Nxf6 17. Nf4 cxd4 18. Qxd4 Rc6 19. b3 Rfc8 20. Qe3 Qb7 21.
a4 a6 22. Nd3 b5 23. Nb4 Rc5 24. Nd3 Rh5 25. Nf4 Re5 26. Qd4 bxc4 27. Qxd6 Rg5
28. bxc4 Ne4 29. Qd3 Nc5 30. Qc2 Qb4 31. Ra1 Nd7 32. Nd3 Qb6 33. Kh2 Qd4 34.
Rac1 h5 35. e3 Qd6 36. f4 Ra5 37. Rfd1 Qb6 38. e4 h4 39. gxh4 Qe3 40. Re1 Qb6
41. e5 Nc5 42. Nxc5 Qxc5 43. Rg1 Qe3 44. Rg4 Rac5 45. Rcg1 Kf8 46. Qh7 g6 47.
Qh8+ Ke7 48. Qf6+ Ke8 49. Rxg6 fxg6 50. Qxe6+ Kf8 51. Qf6+ Ke8 52. Qxg6+ Kd7
53. Qd6+ 1-0

[Event "Prva liga Centralne Srbije"]
[Site "Nis"]
[Date "2006.10.07"]
[Round "5.4"]
[White "Miljkovic, Mihajlo"]
[Black "Stankovic, Dragan"]
[Result "1/2-1/2"]
[WhiteElo "2280"]
[BlackElo "2240"]
[PlyCount "62"]
[EventDate "2006.09.09"]

1. d4 Nf6 2. c4 c5 3. d5 e6 4. Nc3 exd5 5. cxd5 d6 6. e4 g6 7. f4 Bg7 8. Bb5+
Nfd7 9. a4 O-O 10. Nf3 Na6 11. O-O Nc7 12. Bd3 Nf6 13. Kh1 Bg4 14. h3 Bxf3 15.
Qxf3 a6 16. Rb1 Nd7 17. Bd2 b6 18. b4 Rb8 19. Rfe1 Re8 20. Qf1 cxb4 21. Rxb4
Nc5 22. Reb1 a5 23. Rc4 Qh4 24. Qf3 Qe7 25. Bc2 Qd7 26. Nb5 Nxb5 27. Rxb5 Qd8
28. Rb1 Qd7 29. Rb5 Qd8 30. Rb1 Qd7 31. Rb5 Qd8 1/2-1/2

[Event "Prva liga Centralne Srbije"]
[Site "Nis"]
[Date "2006.10.07"]
[Round "5.4"]
[White "Stankovic, Miljan"]
[Black "Grkovic, Vladan"]
[Result "1-0"]
[WhiteElo "2185"]
[BlackElo "2170"]
[PlyCount "97"]
[EventDate "2006.09.09"]

1. Nf3 d5 2. d4 Nf6 3. c4 c6 4. Nc3 a6 5. e3 b5 6. c5 g6 7. b3 Bg7 8. Bb2 O-O
9. Bd3 Qc7 10. Qc2 Nbd7 11. h3 b4 12. Ne2 a5 13. Ne5 Ba6 14. Ng3 Bxd3 15. Nxd3
Ne4 16. Nxe4 dxe4 17. Nf4 Nf6 18. O-O Rad8 19. a3 h5 20. axb4 axb4 21. Ra4 Rb8
22. Rfa1 g5 23. Ne2 h4 24. Ra6 Qd7 25. R1a4 Rfc8 26. Rb6 Qf5 27. Raxb4 Ra8 28.
Ra4 Rxa4 29. bxa4 g4 30. hxg4 Qxg4 31. Nf4 Bh6 32. Qe2 Qf5 33. Nh3 Kh7 34. a5
Rg8 35. Kh1 Qg6 36. Qf1 Nd5 37. Rb3 Qf5 38. Bc1 Ra8 39. a6 Qc8 40. Ra3 Nb4 41.
Qc4 Nd5 42. a7 Qc7 43. Qa6 f5 44. Ng1 Kg7 45. Ne2 Kh7 46. Bd2 Qd7 47. Nc3 Nb4
48. Qb6 Nd3 49. Qb8 1-0

[Event "Prva liga Centralne Srbije"]
[Site "Pozarevac"]
[Date "2006.10.07"]
[Round "5.5"]
[White "Nikolic, Stanimir"]
[Black "Markovic, Zoran S"]
[Result "1/2-1/2"]
[WhiteElo "2291"]
[BlackElo "2370"]
[PlyCount "70"]
[EventDate "2006.09.09"]

1. d4 d5 2. Nf3 Nf6 3. e3 e6 4. b3 c5 5. Bd3 Nc6 6. O-O Bd6 7. Bb2 O-O 8. Nbd2
Qe7 9. Ne5 cxd4 10. exd4 Ba3 11. Qc1 Bxb2 12. Qxb2 Rd8 13. Rfe1 Nxe5 14. dxe5
Nd7 15. Nf3 b6 16. Qd4 Nc5 17. Re3 Ba6 18. Bxa6 Nxa6 19. Qg4 Rac8 20. Nd4 Nb4
21. c3 Nc6 22. Nf3 Qa3 23. Qh5 h6 24. g4 d4 25. cxd4 Nxd4 26. Nxd4 Rc1+ 27.
Rxc1 Qxc1+ 28. Kg2 Rxd4 29. Rf3 g6 30. Qh4 h5 31. h3 hxg4 32. hxg4 Rd1 33. Qh2
Rd4 34. Qh4 Rd1 35. Qh2 Rd4 1/2-1/2

[Event "Prva liga Centralne Srbije"]
[Site "Pozarevac"]
[Date "2006.10.07"]
[Round "5.5"]
[White "Organdziev, Oliver"]
[Black "Mitrovic, Petar"]
[Result "1/2-1/2"]
[WhiteElo "2296"]
[BlackElo "2366"]
[PlyCount "96"]
[EventDate "2006.09.09"]

1. e4 e5 2. Nf3 Nc6 3. Bb5 a6 4. Ba4 Nf6 5. O-O Be7 6. Bxc6 dxc6 7. d3 Nd7 8.
Nbd2 O-O 9. Nc4 f6 10. Nh4 Nc5 11. Nf5 Bxf5 12. exf5 Qd7 13. Qf3 Rfe8 14. Re1
Bf8 15. Nd2 Rad8 16. Ne4 Qf7 17. b3 Nxe4 18. Rxe4 Rd4 19. Bb2 Rxe4 20. dxe4 Rd8
21. Rd1 Rd6 22. Rxd6 cxd6 23. c4 Qc7 24. Qc3 Qd8 25. Qd2 Kf7 26. Kf1 Ke8 27. g3
Qb6 28. Bc3 Qc7 29. h4 Qf7 30. Qd1 Kd7 31. g4 Ke8 32. Bb4 Qc7 33. g5 Kf7 34.
Qg4 Qd8 35. g6+ Kg8 36. gxh7+ Kxh7 37. Qg6+ Kh8 38. h5 Qe7 39. f3 Kg8 40. h6
Kh8 41. h7 Qd7 42. Kg2 Be7 43. Kh3 Qd8 44. a3 d5 45. Bxe7 Qxe7 46. cxd5 cxd5
47. exd5 Qd7 48. Kg4 Qxd5 1/2-1/2

[Event "Prva liga Centralne Srbije"]
[Site "Pozarevac"]
[Date "2006.10.07"]
[Round "5.5"]
[White "Dmitrovic, Tomislav"]
[Black "Panic, Nenad"]
[Result "0-1"]
[WhiteElo "2274"]
[BlackElo "2342"]
[PlyCount "112"]
[EventDate "2006.09.09"]

1. e4 c5 2. Nf3 e6 3. d3 Nc6 4. g3 d6 5. Bg2 Be7 6. c3 Nf6 7. O-O h5 8. Re1 e5
9. d4 Bg4 10. dxc5 dxc5 11. Qxd8+ Rxd8 12. h3 Be6 13. Ng5 Bc8 14. Na3 Nd7 15.
Nb5 O-O 16. Nc7 Nb6 17. Nd5 f6 18. Nxe7+ Nxe7 19. Nf3 Nc4 20. Bf1 Be6 21. b3
Nd6 22. Ba3 b6 23. Rad1 Rd7 24. Nh2 Rfd8 25. f4 Nc6 26. Nf3 a5 27. Rb1 Bf7 28.
f5 g6 29. g4 hxg4 30. hxg4 gxf5 31. gxf5 Bh5 32. Kf2 Rg7 33. Bd3 Kf7 34. Rg1
Rxg1 35. Rxg1 c4 36. Bc2 Nb5 37. Bb2 Bxf3 38. Kxf3 Nb4 39. Rd1 Rh8 40. Rd7+ Ke8
41. Rb7 Rh2 42. cxb4 c3 43. Bxc3 Nxc3 44. Rxb6 axb4 45. Rxb4 Rxc2 46. Rc4 Rc1
47. a4 Na2 48. Rxc1 Nxc1 49. b4 Na2 50. b5 Kd7 51. b6 Kc6 52. a5 Nc3 53. Ke3
Na4 54. Kf3 Nc5 55. Kg4 Nxe4 56. Kh5 Nd6 0-1

[Event "Prva liga Centralne Srbije"]
[Site "Pozarevac"]
[Date "2006.10.07"]
[Round "5.5"]
[White "Jovic, Stanoje"]
[Black "Milunovic, Toni"]
[Result "0-1"]
[WhiteElo "2330"]
[BlackElo "2292"]
[PlyCount "89"]
[EventDate "2006.09.09"]

1. c4 e5 2. Nc3 Nc6 3. Nf3 f5 4. d4 e4 5. Ng5 Bb4 6. g3 Qf6 7. a3 Bxc3+ 8. bxc3
h6 9. h4 Na5 10. Qa4 b6 11. Nh3 Ba6 12. c5 Qf7 13. Nf4 Bc4 14. cxb6 axb6 15.
Rb1 Nf6 16. e3 O-O 17. Bxc4 Nxc4 18. Qb4 Ra5 19. O-O Rfa8 20. Ra1 Nd6 21. Qb2
g5 22. Ng2 Qh5 23. Qb3+ Qf7 24. Qxf7+ Kxf7 25. hxg5 hxg5 26. f4 exf3 27. Rxf3
Kg6 28. Ne1 Nc4 29. Nd3 d6 30. Nb4 Re8 31. Kg2 c5 32. Nd3 Ra7 33. Nb2 Na5 34.
Rb1 Rh7 35. Nd3 Reh8 36. Nf2 Nc4 37. Kf1 g4 38. Rf4 Nd5 39. Ke2 Nxf4+ 40. exf4
Rh2 41. Kd3 d5 42. Nd1 R8h3 43. dxc5 bxc5 44. Rb5 Rxg3+ 45. Be3 0-1